Začínajú od predškolákov Ochranári pri záchrane Slanej

Bibliographic Details
Main Author: (ema) (Author)
Corporate Author: GEMEZ (Gemerské environmentálne združenie) (Rožňava, Slovensko) (Author)
Format: Article
Language:Slovak
Subjects:

MARC

LEADER 00000nab a2200000 a 4500
001 vtls001007205
003 SK-MaSNL
005 20260303040458.0
008 040720e19950216xo 0 slo
035 |a RV7805 
040 |a RVGKPD  |b slo  |c RVGKPD  |e AACR2 
041 0 |a slo 
044 |a xo  |c SK 
080 |a 061.22  |2 1981 
100 0 |a (ema)  |4 aut  |9 1018604 
245 1 0 |a Začínajú od predškolákov  |b Ochranári pri záchrane Slanej 
610 2 7 |a GEMEZ (Gemerské environmentálne združenie) (Rožňava, Slovensko)  |2 RVGKPD  |9 1024536 
650 0 7 |a organizácie ochranárske  |2 RVGKPD  |9 1022480 
650 0 7 |a programy pracovné  |2 RVGKPD  |9 1024537 
651 7 |a Rožňava (Slovensko)  |2 RVGKPD  |9 17394 
655 7 |a periodikum  |2 snkbucl  |9 29553 
710 2 |a GEMEZ (Gemerské environmentálne združenie) (Rožňava, Slovensko)  |4 aut  |9 1024536 
773 0 8 |t Lúč  |g Roč. 4, č.39, 16.2.1995, s. 3 
852 |a ZVYKNI  |b KIS3GCP 
999 |c 1682123  |d 1684053